Better Spoken English (Record no. 963)

MARC details
000 -LEADER
Fixed length control field 00448nam a2200169 4500
003 - CONTROL NUMBER IDENTIFIER
Control field SEACOMMC
005 - DATE AND TIME OF LATEST TRANSACTION
Control field 20250429153109.0
008 - FIXED-LENGTH DATA ELEMENTS--GENERAL INFORMATION
Fixed length control field 250101b |||||||| |||| 00| 0 eng d
020 ## - INTERNATIONAL STANDARD BOOK NUMBER / ISBN
International Standard Book Number 81-2591-533-8
Price Rs.125.00
040 ## - CATALOGING SOURCE
Original cataloging agency SEACOMMC
082 ## - DEWEY DECIMAL CLASSIFICATION NUMBER
Classification number 428.2
Book Number C 489
100 ## - MAIN ENTRY--PERSONAL NAME
Personal name Chaudhary, Shreesh
245 1# - TITLE STATEMENT
Title Better Spoken English
Statement of responsibility Shreesh Chaudhary
260 ## - IMPRINT
Place of publication New Delhi
Name of publisher Vikas Publishing House
Date of publication 2004
650 ## - SUBJECT ADDED ENTRY--TOPICAL TERM
Topical term English
942 ## - ADDED ENTRY ELEMENTS (KOHA)
Koha item type Books
Holdings
Withdrawn status Lost status Source of classification Damaged status Not for loan Home library Current library Shelving location Date acquired Total Checkouts Call number Accession number Date last seen Price effective from Koha item type Copy number
    Dewey Decimal Classification     SEACOM MANAGEMENT COLLEGE SEACOM MANAGEMENT COLLEGE Reference 19/12/2007   428.2 C 489 M-1493 01/01/2025 01/01/2025 Books  
    Dewey Decimal Classification     SEACOM MANAGEMENT COLLEGE SEACOM MANAGEMENT COLLEGE   19/12/2007   428.2 C 489 M-1494 01/01/2025 01/01/2025 Books 1
    Dewey Decimal Classification     SEACOM MANAGEMENT COLLEGE SEACOM MANAGEMENT COLLEGE   19/12/2007   428.2 C 489 M-1495 01/01/2025 01/01/2025 Books 2
© Seacom Engineering College, All rights reserved.    Powered by Koha